| 000 | 00514nam a22001697a 4500 | ||
|---|---|---|---|
| 003 | OSt | ||
| 005 | 20150827091008.0 | ||
| 008 | 130803t xxu||||| |||| 00| 0 eng d | ||
| 020 | _a9789715847025 | ||
| 050 |
_aPE 1 _b.R333 2008 |
||
| 100 |
_aReganit, Arnulfo Aaron R. _97290 |
||
| 245 |
_aField study 6: _bOn becoming a teacher / _cArnulfo Aaron R. Reganit, Renato L. Gavino. |
||
| 260 |
_aQuezon City: _bC & E Publishing Inc., _cc2008. |
||
| 300 |
_a30 p. : _c26 cm. |
||
| 942 |
_2lcc _cBK _kLOC |
||
| 999 |
_c13522 _d13522 |
||